Normal view
MARC view
Entry Meeting Name
001 - CONTROL NUMBER
- control field: 16524
003 - CONTROL NUMBER IDENTIFIER
- control field: OSt
005 - DATE AND TIME OF LATEST TRANSACTION
- control field: 20211105134040.0
008 - FIXED-LENGTH DATA ELEMENTS
- fixed length control field: 211105|| aca||aabn | a|a d
040 ## - CATALOGING SOURCE
- Original cataloging agency: OSt
- Transcribing agency: OSt
111 ## - HEADING--MEETING NAME
- Meeting name or jurisdiction name as entry element: Conference on "Le Monde des Galaxies"
- Location of meeting: Institut d'Astrophysique de Paris, Paris
- Date of meeting or treaty signing: 1988 Apr. 12-14
670 ## - SOURCE DATA FOUND
- Source citation: Work cat.: (OSt): Conference on "Le Monde des Galaxies" Institut d'Astrophysique de Paris, Paris 1988 Apr. 12-14, The world of galaxies, 1989